000 00244nam a22000857a 4500
001 1258906
005 20260402104215.0
245 0 0 _aTÜRK HALK ŞİİRİNDEN SEÇMELER
_c100 TEMEL ESER
260 1 _bKONYA BÜYÜKŞEHİR BELEDİYESİ KÜLTÜR YAYINLARI
999 _c1258906
_d1258906